| 000 | 00808cam a2200241 a 4500 | ||
|---|---|---|---|
| 999 |
_c127038 _d127038 |
||
| 001 | 14624931 | ||
| 003 | ARRUPE | ||
| 005 | 20171005113041.0 | ||
| 008 | 061106s2006 enk 000 1 eng | ||
| 010 | _a 2006496243 | ||
| 020 | _a0143025015 | ||
| 040 |
_aDLC _cDLC _dDLC |
||
| 043 | _af-sa--- | ||
| 050 | 0 | 0 |
_aPR9369.4.J65 _bN37 2006 |
| 100 | 1 |
_aJohnson, Shaun. _98520 |
|
| 245 | 1 | 4 |
_aThe native commissioner : _ba novel / _cShaun Johnson. |
| 260 |
_aLondon ; _aNew York : _bPenguin Books, _c2006. |
||
| 300 |
_a244 p. ; _c24 cm. |
||
| 650 | 0 |
_aApartheid _zSouth Africa _vFiction. _936714 |
|
| 651 | 0 |
_aSouth Africa _vFiction. _936715 |
|
| 906 |
_a7 _bcbc _corigres _d3 _encip _f20 _gy-gencatlg |
||
| 942 |
_2lcc _cMONOGRAPH |
||